Japan - Philippine relations

Sparad:
Bibliografiska uppgifter
Huvudupphovsman: Calica, Pio C.
Materialtyp: Bok
Språk:Undetermined
Publicerad: Manila Publishers Bureau 1936
Ämnen:
Taggar: Lägg till en tagg
Inga taggar, Lägg till första taggen!
Thư viện lưu trữ: Trung tâm Học liệu Trường Đại học Cần Thơ
LEADER 00539nam a2200205Ia 4500
001 CTU_112193
008 210402s9999 xx 000 0 und d
082 |a 327.5209 
082 |b C153 
100 |a Calica, Pio C. 
245 0 |a Japan - Philippine relations 
245 0 |c Pio C. Calica 
260 |a Manila 
260 |b Publishers Bureau 
260 |c 1936 
650 |a Japan,Philippine 
650 |x Relations,Relations 
650 |z Philippine,Japan 
904 |i Năm 
980 |a Trung tâm Học liệu Trường Đại học Cần Thơ